Kriticky o politike Ministerstva financií a NBS

V súčasnosti je vývoj HDP na Slovensku pozitívny. Rizikom pôsobiacim na hospodársky rast v rokoch 2002 - 2006 môže byť plánované znižovanie príjmov a výdavkov verejných financií pri ignorovaní zvýšených rozpočtových výdavkov po vstupe do EÚ. Znižovanie priamych daní ako jediný rastový stimul nemusí...

Descrizione completa

Salvato in:
Dettagli Bibliografici
Autore principale: Schmögnerová, Brigita
Natura: Capitolo di libro
Lingua:slovacco
Soggetti:
Tags: Aggiungi Tag
Nessun Tag, puoi essere il primo ad aggiungerne!!

MARC

LEADER 00000naa$a2200000$$$4500
001 0018444
005 20231004122625.2
041 0 |a slo 
044 |a SK 
245 1 0 |a Kriticky o politike Ministerstva financií a NBS 
520 |a V súčasnosti je vývoj HDP na Slovensku pozitívny. Rizikom pôsobiacim na hospodársky rast v rokoch 2002 - 2006 môže byť plánované znižovanie príjmov a výdavkov verejných financií pri ignorovaní zvýšených rozpočtových výdavkov po vstupe do EÚ. Znižovanie priamych daní ako jediný rastový stimul nemusí byť dostačujúce pre dosiahnutie predpokladaných parametrov slovenského hospodárstva. 
610 2 0 |a faktory rastu hospodárskeho 
610 2 0 |a príjmy rozpočtu štátneho 
610 2 0 |a financie verejné 
610 2 0 |a politika rozpočtová 
610 2 0 |a rozpočet štátny 
610 2 0 |a produkt domáci hrubý 
610 2 0 |a reformy hospodárske 
610 2 0 |a Slovensko 
100 1 |a Schmögnerová, Brigita